Communication works / (Record no. 9394)
[ view plain ]
| 000 -LEADER | |
|---|---|
| fixed length control field | 00656cam a2200217 a 4500 |
| 001 - CONTROL NUMBER | |
| control field | 4923577 |
| 005 - DATE AND TIME OF LATEST TRANSACTION | |
| control field | 20260422104207.0 |
| 008 - FIXED-LENGTH DATA ELEMENTS--GENERAL INFORMATION | |
| fixed length control field | 950519s1996 nyua b 001 0 eng |
| 020 ## - INTERNATIONAL STANDARD BOOK NUMBER | |
| International Standard Book Number | 0070228167 |
| Qualifying information | alk. paper |
| 020 ## - INTERNATIONAL STANDARD BOOK NUMBER | |
| International Standard Book Number | 9780070228160 |
| Qualifying information | (alk. paper) |
| 050 00 - LIBRARY OF CONGRESS CALL NUMBER | |
| Classification number | P95 |
| Item number | .G32 1996 |
| 082 00 - DEWEY DECIMAL CLASSIFICATION NUMBER | |
| Classification number | 302.2/242 |
| Edition information | 20 |
| 100 1# - MAIN ENTRY--PERSONAL NAME | |
| Personal name | Gamble, Teri Kwal. |
| 245 10 - TITLE STATEMENT | |
| Title | Communication works / |
| Statement of responsibility, etc. | Teri Kwal Gamble, Michael Gamble. |
| 250 ## - EDITION STATEMENT | |
| Edition statement | 5th ed. |
| 260 ## - PUBLICATION, DISTRIBUTION, ETC. | |
| Place of publication, distribution, etc. | New York : |
| Name of publisher, distributor, etc. | McGraw-Hill, |
| Date of publication, distribution, etc. | c1996. |
| 300 ## - PHYSICAL DESCRIPTION | |
| Extent | xxxii, 542, 12 p. : |
| Other physical details | ill. (some col.) ; |
| Dimensions | 24 cm. |
| 650 #0 - SUBJECT ADDED ENTRY--TOPICAL TERM | |
| Topical term or geographic name entry element | Oral communication. |
| 700 1# - ADDED ENTRY--PERSONAL NAME | |
| Personal name | Gamble, Michael, |
| Dates associated with a name | 1943- |
| 942 ## - ADDED ENTRY ELEMENTS (KOHA) | |
| Source of classification or shelving scheme | Library of Congress Classification |
| Koha item type | Books |
| Edition | 5th Ed. |
| Suppress in OPAC | No |
| 999 ## - | |
| -- | 9394 |
| -- | 9394 |
| Withdrawn status | Lost status | Source of classification or shelving scheme | Damaged status | Not for loan | Collection | Home library | Current library | Shelving location | Date acquired | Total checkouts | Full call number | Barcode | Date last seen | Copy number | Price effective from | Koha item type |
|---|---|---|---|---|---|---|---|---|---|---|---|---|---|---|---|---|
| Library of Congress Classification | Non-fiction | Business Library (Miotso) | Business Library (Miotso) | General stacks | 03/27/2026 | P95 .G32 1996 | BSSM00003387 | 04/22/2026 | 1 | 03/27/2026 | Books |